01250nam a2200265 a 450000100060000000300080000600500170001400800410003103500190007204000350009104100080012608200260013410000300016024502490019026000810043930000440052050200810056450400320064565000360067770000570071370000370077094200130080799900170082095201470083781306BD-RjUL20240121100607.0230323s2019 bg a|||| m||| 00| 0 eng d a(BD-RjUL)81306 aBD-RjULbengcBD-RjULdBD-RjUL aeng 223a617.585bSOC 2019 aSOHEL, DIN MOHAMMAD9721010aCorrection of Congenital Clubfoot by Ponseti Technique :bDeformity Assessment by Pirani Score and Comparative Outcome Study in Different Age Groups /cDIN MOHAMMAD SOHEL ;6Principal Supervisor : Niranjan Kumar Sana, Co-Supervisor : B. K. Dam. aRajshahi :bInstitute of Biological Sciences, University of Rajshahi,c2019. axviii, [1], 154 leaves :bill.;c29 cm. aThesis(Ph.D.)-- Institute of Biological Sciences,University of Rajshahi,2019 aReferences : Leaves 121-147 aSurgeryxClubfoot therapy97211 aSana, Niranjan Kumar, Principal Supervisor 97212 aDam, B. K. Co-Supervisor 97213 2ddccTHE c81306d81306 102ddc40718THESESaRUCLbRUCLcDoc/Thed2021-12-20eController of Exam. R.U.l0oTHE 617.585 SOC 2019pD4450r2023-03-23 00:00:00tC-1yTHE